LEADER 01221nam 2200325z- 450 001 9910694342703321 005 20070913084923.0 035 $a(CKB)5860000000032418 035 $a(BIP)016420884 035 $a(EXLCZ)995860000000032418 100 $a20220406c2007uuuu -u- - 101 0 $aeng 200 14$aThe regional impact of the Western Hemisphere Travel Initiative $ehearing before the Subcommittee on International Operations and Terrorism of the Committee on Foreign Relations, United States Senate, One Hundred Ninth Congress, second session, May 31, 2006 215 $a1 online resource (iii, 49 p.) 311 $a0-16-079265-7 517 $aRegional impact of the Western Hemisphere Travel Initiative 606 $aInternational travel regulations$zUnited States 606 $aPassports$zUnited States 610 $aInternational travel regulations 610 $aPassports 610 $aUnited States 610 $aLaw 610 $aTravel 610 $aPolitical science 615 0$aInternational travel regulations 615 0$aPassports 906 $aBOOK 912 $a9910694342703321 996 $aThe regional impact of the Western Hemisphere Travel Initiative$93133440 997 $aUNINA